Tajemná Řásnovka /
Chlapecký román o hledání správného způsobu života, plný dobrodružství, tajemnosti, ale i klukovského humoru.
Uloženo v:
| Hlavní autor: | |
|---|---|
| Další autoři: | , |
| Médium: | E-audiokniha |
| Jazyk: | Czech |
| Vydáno: |
Praha :
Albatros,
[2022]
|
| Témata: | |
| Tagy: |
Žádné tagy |
| LEADER | 05301nim a2201225 i 4500 | ||
|---|---|---|---|
| 001 | 313215 | ||
| 003 | CZ PrSKC | ||
| 005 | 20260601215738.0 | ||
| 007 | sd fungnnmmned | ||
| 008 | 220512t20222022xr nnnnj f n cze | ||
| 015 | |a cnb003421238 | ||
| 024 | 3 | |a 8594050433519 | |
| 040 | |a ABA001 |b cze |e rda | ||
| 072 | 7 | |a 821.162.3-3 |x Česká próza |2 Konspekt | |
| 072 | 7 | |a 821-93 |x Literatura pro děti a mládež (beletrie) |2 Konspekt | |
| 080 | |a 821.162.3-31 |2 MRF | ||
| 080 | |a (0:82-311.3) |2 MRF | ||
| 080 | |a (086.7.053.2) |2 MRF | ||
| 080 | |a (086.7)08 |2 MRF | ||
| 080 | |a (086.76) |2 MRF | ||
| 100 | 1 | |a Foglar, Jaroslav, |d 1907-1999 |7 jk01031485 |4 aut | |
| 245 | 1 | 0 | |a Tajemná Řásnovka / |c Foglar |
| 264 | 1 | |a Praha : |b Albatros, |c [2022] | |
| 264 | 4 | |c ©2022 | |
| 300 | |a 1 audiodisk (6 hod., 51 min.) ; |c 12 cm | ||
| 306 | |a 065100 | ||
| 336 | |a mluvené slovo |b spw |2 rdacontent | ||
| 337 | |a audio |b s |2 rdamedia | ||
| 338 | |a audiodisk |b sd |2 rdacarrier | ||
| 344 | |a digital |b optical |2 rda | ||
| 347 | |a audio soubor |b MP3 |2 rda | ||
| 500 | |a Název z disku | ||
| 500 | |a Copyright Albatros Media | ||
| 500 | |a Nezkrácená audiokniha na mp3 CD | ||
| 508 | |a Režie Jiří Tušl | ||
| 511 | 0 | |a Čte Marek Holý | |
| 518 | |o Nahráno |d 2022 |p studio DAMU, Praha | ||
| 520 | 2 | |a Chlapecký román o hledání správného způsobu života, plný dobrodružství, tajemnosti, ale i klukovského humoru. | |
| 521 | 8 | |a Pro posluchače od 9 let | |
| 655 | 7 | |a české romány |7 fd133974 |2 czenas | |
| 655 | 7 | |a dobrodružné romány |7 fd132061 |2 czenas | |
| 655 | 7 | |a zvukové záznamy pro děti a mládež |7 fd186726 |2 czenas | |
| 655 | 7 | |a audioknihy |7 fd119452 |2 czenas | |
| 655 | 7 | |a kompaktní disky |7 fd201991 |2 czenas | |
| 700 | 1 | |a Tušl, Jiří, |d 1943- |7 kup19960000103438 |4 drt | |
| 700 | 1 | |a Holý, Marek, |d 1979- |7 jo2012687577 |4 nrt | |
| 900 | |a ABA001 |b 18 | ||
| 044 | |a xr | ||
| 505 | 0 | 0 | |t Tajemná Řásnovka 01 (10 min., 23 sek.) |
| 505 | 0 | 0 | |t Tajemná Řásnovka 02 (6 min., 33 sek.) |
| 505 | 0 | 0 | |t Tajemná Řásnovka 03 (10 min., 17 sek.) |
| 505 | 0 | 0 | |t Tajemná Řásnovka 04 (8 min., 10 sek.) |
| 505 | 0 | 0 | |t Tajemná Řásnovka 05 (10 min., 29 sek.) |
| 505 | 0 | 0 | |t Tajemná Řásnovka 06 (12 min., 43 sek.) |
| 505 | 0 | 0 | |t Tajemná Řásnovka 07 (7 min., 40 sek.) |
| 505 | 0 | 0 | |t Tajemná Řásnovka 08 (6 min., 55 sek.) |
| 505 | 0 | 0 | |t Tajemná Řásnovka 09 (5 min., 33 sek.) |
| 505 | 0 | 0 | |t Tajemná Řásnovka 10 (8 min., 17 sek.) |
| 505 | 0 | 0 | |t Tajemná Řásnovka 11 (5 min., 52 sek.) |
| 505 | 0 | 0 | |t Tajemná Řásnovka 12 (10 min., 35 sek.) |
| 505 | 0 | 0 | |t Tajemná Řásnovka 13 (6 min., 25 sek.) |
| 505 | 0 | 0 | |t Tajemná Řásnovka 14 (9 min., 45 sek.) |
| 505 | 0 | 0 | |t Tajemná Řásnovka 15 (9 min., 2 sek.) |
| 505 | 0 | 0 | |t Tajemná Řásnovka 16 (7 min., 15 sek.) |
| 505 | 0 | 0 | |t Tajemná Řásnovka 17 (7 min., 45 sek.) |
| 505 | 0 | 0 | |t Tajemná Řásnovka 18 (8 min., 49 sek.) |
| 505 | 0 | 0 | |t Tajemná Řásnovka 19 (14 min., 50 sek.) |
| 505 | 0 | 0 | |t Tajemná Řásnovka 20 (2 min., 58 sek.) |
| 505 | 0 | 0 | |t Tajemná Řásnovka 21 (4 min., 24 sek.) |
| 505 | 0 | 0 | |t Tajemná Řásnovka 22 (5 min., 42 sek.) |
| 505 | 0 | 0 | |t Tajemná Řásnovka 23 (9 min., 21 sek.) |
| 505 | 0 | 0 | |t Tajemná Řásnovka 24 (8 min., 43 sek.) |
| 505 | 0 | 0 | |t Tajemná Řásnovka 25 (9 min., 41 sek.) |
| 505 | 0 | 0 | |t Tajemná Řásnovka 26 (6 min., 37 sek.) |
| 505 | 0 | 0 | |t Tajemná Řásnovka 27 (4 min., 23 sek.) |
| 505 | 0 | 0 | |t Tajemná Řásnovka 28 (5 min., 51 sek.) |
| 505 | 0 | 0 | |t Tajemná Řásnovka 29 (8 min., 19 sek.) |
| 505 | 0 | 0 | |t Tajemná Řásnovka 30 (4 min., 6 sek.) |
| 505 | 0 | 0 | |t Tajemná Řásnovka 31 (7 min., 3 sek.) |
| 505 | 0 | 0 | |t Tajemná Řásnovka 32 (3 min., 50 sek.) |
| 505 | 0 | 0 | |t Tajemná Řásnovka 33 (3 min., 57 sek.) |
| 505 | 0 | 0 | |t Tajemná Řásnovka 34 (5 min., 59 sek.) |
| 505 | 0 | 0 | |t Tajemná Řásnovka 35 (9 min., 46 sek.) |
| 505 | 0 | 0 | |t Tajemná Řásnovka 36 (8 min., 16 sek.) |
| 505 | 0 | 0 | |t Tajemná Řásnovka 37 (8 min., 9 sek.) |
| 505 | 0 | 0 | |t Tajemná Řásnovka 38 (7 min., 7 sek.) |
| 505 | 0 | 0 | |t Tajemná Řásnovka 39 (4 min., 24 sek.) |
| 505 | 0 | 0 | |t Tajemná Řásnovka 40 (4 min., 5 sek.) |
| 505 | 0 | 0 | |t Tajemná Řásnovka 41 (7 min., 44 sek.) |
| 505 | 0 | 0 | |t Tajemná Řásnovka 42 (7 min., 45 sek.) |
| 505 | 0 | 0 | |t Tajemná Řásnovka 43 (6 min., 21 sek.) |
| 505 | 0 | 0 | |t Tajemná Řásnovka 44 (7 min., 26 sek.) |
| 505 | 0 | 0 | |t Tajemná Řásnovka 45 (10 min., 19 sek.) |
| 505 | 0 | 0 | |t Tajemná Řásnovka 46 (6 min., 3 sek.) |
| 505 | 0 | 0 | |t Tajemná Řásnovka 47 (8 min., 2 sek.) |
| 505 | 0 | 0 | |t Tajemná Řásnovka 48 (11 min., 16 sek.) |
| 505 | 0 | 0 | |t Tajemná Řásnovka 49 (7 min., 4 sek.) |
| 505 | 0 | 0 | |t Tajemná Řásnovka 50 (10 min., 30 sek.) |
| 505 | 0 | 0 | |t Tajemná Řásnovka 51 (7 min., 3 sek.) |
| 505 | 0 | 0 | |t Tajemná Řásnovka 52 (6 min., 15 sek.) |
| 505 | 0 | 0 | |t Tajemná Řásnovka 53 (5 min., 54 sek.) |
| 505 | 0 | 0 | |t Tajemná Řásnovka 54 (8 min., 28 sek.) |
| 910 | |a RBIT002 | ||
| 998 | |d 394747 |a https://core.palmknihy.cz/api/books/394747/cover?shcg5i |b https://core.palmknihy.cz/api/books/394747/cover/400?shcg5i |c https://core.palmknihy.cz/api/books/394747/cover/50?shcg5i |e 2030-01-01 |i 8594050433519 |l 24660 |q 49 |r 1 |s https://www.palmknihy.cz/kniha/394747 |t audiobook |y 2024 |z 0 | ||
| 999 | |d 313213 | ||